000 00564nam a2200169Ia 4500
008 130318s9999 xx 000 0 und d
020 _a8178085941
082 _a006.454 JUR/S
100 _aJurafsky, Daniel
245 _aSpeech and language processing: An Introduction to natural language processing,computational linguistics,and speech recognition
260 _bPearson Education
_aSingapore
_c2000
300 _a908
650 _aCOMPUTATIONAL LINGUISTICS
650 _aNATURAL LANGUAGE PROCESSING
650 _aSPEECH RECOGNITION
700 _aMartin, James H
999 _c1088
_d1088